| 000 | 00397 a2200157 4500 | ||
|---|---|---|---|
| 001 | 51999 | ||
| 020 | _a | ||
| 040 | _cAnchieta - Pituba | ||
| 100 | _aSANTOS, Henrique Julio Vieira Gonçalves dos | ||
| 240 | 1 | 0 |
_a2ª Ciências, I unidade _lpor |
| 245 | 1 | 0 | _a2ª Ciências, I unidade |
| 300 | _a11 | ||
| 362 | 0 | _a2012 | |
| 650 | 4 | _aBIOLOGIA, CIÊNICAS DA VIDA (CIÊNCIAS NATURAIS) | |
| 942 | _cBK | ||
| 999 |
_c51999 _d51999 |
||